[Event "7th EUR-ch (w)"]
[Site "Kusadasi TUR"]
[Date "2006.04.13"]
[Round "9"]
[White "Melia, Salome"]
[Black "Bensdorp, Marlies"]
[Result "1-0"]
[WhiteElo "2391"]
[BlackElo "2251"]
[EventDate "2006.04.04"]
[PlyCount "87"]

1.e4 e6 2.d4 d5 3.Nc3 Bb4 4.e5 c5 5.Bd2 Nh6 6.a3 Bxc3 7.Bxc3 b6 8.Bb5+ Bd7
9.Bd3 Nc6 10.Nf3 cxd4 11.Bxd4 Nxd4 12.Nxd4 f6 13.Qh5+ Nf7 14.Nb5 Bxb5 15.
Bxb5+ Kf8 16.exf6 Qxf6 17.O-O-O Qg5+ 18.Qxg5 Nxg5 19.Rhe1 Kf7 20.f3 Kf6 
21.h4 Nf7 22.Bd7 Ne5 23.Bxe6 Kxe6 24.f4 Kf5 25.Rxe5+ Kxf4 26.Rexd5 h6 27.
R5d4+ Kg3 28.R1d3+ Kxg2 29.Rg4+ Kf2 30.Rxg7 Rhe8 31.Rf7+ Kg2 32.Rf6 Re1+ 
33.Kd2 Rb1 34.b3 Ra1 35.a4 Rh8 36.Rg6+ Kf2 37.Rdd6 Kf3 38.Rxh6 Rxh6 39.
Rxh6 Rh1 40.Rh7 Ke4 41.h5 Kd5 42.a5 Kc6 43.Rxa7 Rxh5 44.axb6 1-0

[Event "7th EUR-ch (w)"]
[Site "Kusadasi TUR"]
[Date "2006.04.13"]
[Round "9"]
[White "Moser, Eva"]
[Black "Topel, Zehra"]
[Result "1-0"]
[WhiteElo "2384"]
[BlackElo "2132"]
[EventDate "2006.04.04"]
[PlyCount "118"]

1.d4 Nf6 2.g3 g6 3.Bg2 Bg7 4.e4 d6 5.Ne2 O-O 6.O-O e5 7.h3 Nc6 8.c3 Re8 9.
d5 Ne7 10.c4 c5 11.Nbc3 Nh5 12.g4 Nf4 13.Nxf4 exf4 14.Bxf4 a6 15.Re1 f6 
16.Be3 g5 17.e5 fxe5 18.Bxg5 Qd7 19.Qa4 Qxa4 20.Nxa4 h6 21.Nb6 Rb8 22.Bd2 
Rf8 23.Be4 Rf6 24.Rab1 Ng6 25.Bxg6 Rxg6 26.Kh2 h5 27.f3 Rf6 28.Kg2 Rf7 29.
b4 cxb4 30.Bxb4 Bf8 31.Rbc1 Bd7 32.c5 Bh6 33.Rc2 dxc5 34.Bxc5 Re8 35.Rce2 
Bf4 36.a4 h4 37.Bf2 Rh7 38.Rc2 Rf8 39.Re4 Be8 40.Rc8 Bg6 41.Rec4 Rf7 42.
Rxf8+ Kxf8 43.d6 e4 44.d7 exf3+ 45.Kg1 Bg5 46.Rc8+ Kg7 47.d8=Q Bxd8 48.
Rxd8 Rf4 49.Bxh4 Rb4 50.Bf2 Be4 51.Kh2 Bc6 52.Kg3 Kf6 53.Nd5+ Bxd5 54.Rxd5
Rxa4 55.Rd6+ Ke5 56.Rb6 Ra2 57.Rxb7 a5 58.h4 a4 59.h5 Kd5 1-0

[Event "7th EUR-ch (w)"]
[Site "Kusadasi TUR"]
[Date "2006.04.13"]
[Round "9"]
[White "Zielinska, Marta"]
[Black "Schuurman, Petra"]
[Result "1-0"]
[WhiteElo "2366"]
[BlackElo "2258"]
[EventDate "2006.04.04"]
[PlyCount "79"]

1.f4 d5 2.Nf3 g6 3.g3 Bg7 4.Bg2 Nf6 5.O-O O-O 6.d3 b5 7.c3 c5 8.Qe1 Bb7 9.
h3 Nbd7 10.Na3 a6 11.g4 e6 12.Nc2 a5 13.Bd2 b4 14.Qh4 bxc3 15.bxc3 c4 16.
g5 Ne8 17.d4 Nd6 18.Bc1 Ne4 19.Qe1 Qc7 20.h4 f5 21.Ne5 Bxe5 22.fxe5 Bc6 
23.Bf3 Nb6 24.Ne3 Na4 25.Bxe4 dxe4 26.Ba3 Rfd8 27.Ng2 e3 28.Nxe3 Be4 29.
Rc1 Qc6 30.Rf4 Ra7 31.Qf2 Rb8 32.Ng4 Kg7 33.Nf6 Bb1 34.d5 Qb6 35.Qxb6 Rxb6
36.Rxc4 Nb2 37.Rc8 Bxa2 38.Rg8+ Kf7 39.Rf8+ Kg7 40.Ne8# 1-0

[Event "7th EUR-ch (w)"]
[Site "Kusadasi TUR"]
[Date "2006.04.13"]
[Round "9"]
[White "Cherednichenko, Svetlana"]
[Black "Jurgens, Vera"]
[Result "1-0"]
[WhiteElo "2238"]
[BlackElo "2330"]
[EventDate "2006.04.04"]
[PlyCount "51"]

1.d4 e6 2.c4 c5 3.d5 exd5 4.cxd5 d6 5.Nc3 g6 6.e4 Bg7 7.Bd3 a6 8.a4 Ne7 9.
h3 O-O 10.Nf3 h6 11.O-O Nd7 12.Bf4 Qc7 13.Qd2 c4 14.Bc2 g5 15.Be3 Ng6 16.
Nd4 Nde5 17.Nf5 Bxf5 18.exf5 Nh4 19.f4 Nd3 20.fxg5 hxg5 21.Bxd3 cxd3 22.
Bxg5 Bd4+ 23.Kh1 f6 24.Bxh4 Qc4 25.Qh6 Rf7 26.Rf4 1-0

[Event "7th EUR-ch (w)"]
[Site "Kusadasi TUR"]
[Date "2006.04.13"]
[Round "9"]
[White "Hryhorenko, Natalia"]
[Black "Isgandarova, Khayala"]
[Result "1-0"]
[WhiteElo "2323"]
[BlackElo "2104"]
[EventDate "2006.04.04"]
[PlyCount "59"]

1.d4 Nf6 2.Nf3 g6 3.Bg5 Bg7 4.Nbd2 c5 5.e3 Qb6 6.Nc4 Qc7 7.Be2 h6 8.Bh4 d5
9.Nce5 Qa5+ 10.c3 Nc6 11.O-O Nd7 12.Nxc6 bxc6 13.Qd2 g5 14.Bg3 O-O 15.b4 
cxb4 16.cxb4 Qa3 17.Rfc1 a5 18.b5 c5 19.Rc3 Qa4 20.Rb1 Nf6 21.Bd1 Ne4 22.
Bxa4 Nxd2 23.Nxd2 cxd4 24.exd4 Bxd4 25.Rc7 f5 26.Nf3 Bb6 27.Rc6 Bd8 28.Ne5
e6 29.b6 Bb7 30.Rxe6 1-0

[Event "7th EUR-ch (w)"]
[Site "Kusadasi TUR"]
[Date "2006.04.13"]
[Round "9"]
[White "Benderac, Ana"]
[Black "Lematschko, Tatjana"]
[Result "0-1"]
[WhiteElo "2293"]
[BlackElo "2180"]
[EventDate "2006.04.04"]
[PlyCount "50"]

1.d4 Nf6 2.Nf3 e6 3.Bg5 c5 4.Bxf6 Qxf6 5.e3 a6 6.Nbd2 cxd4 7.exd4 b6 8.Bd3
Bb7 9.Qe2 g6 10.c3 Bd6 11.Be4 Nc6 12.Nc4 Bc7 13.d5 exd5 14.Bxd5+ Kf8 15.
O-O Nd4 16.cxd4 Bxd5 17.Nce5 Qd6 18.Rac1 Kg7 19.Rfe1 b5 20.Nh4 f6 21.Ng4 
Rae8 22.Qxe8 Rxe8 23.Rxe8 h5 24.Rxc7 Qxc7 25.Ne3 Qa5 0-1

[Event "7th EUR-ch (w)"]
[Site "Kusadasi TUR"]
[Date "2006.04.13"]
[Round "9"]
[White "Fakhiridou, Ekaterini"]
[Black "Andersson, Christin"]
[Result "1-0"]
[WhiteElo "2292"]
[BlackElo "2170"]
[EventDate "2006.04.04"]
[PlyCount "73"]

1.g3 e5 2.Bg2 d5 3.d3 Nf6 4.Nd2 Bd6 5.e4 dxe4 6.dxe4 Nc6 7.c3 Be6 8.Ngf3 
h6 9.O-O Qd7 10.Qe2 Bh3 11.Nc4 O-O-O 12.b4 Bg4 13.Qc2 Qe6 14.Nxd6+ Qxd6 
15.Be3 b6 16.a4 Rhe8 17.a5 Qd3 18.Qxd3 Rxd3 19.Rfc1 Rdd8 20.h3 Bh5 21.g4 
Bg6 22.Nd2 Rd7 23.f3 Red8 24.Nb3 Ne8 25.Bf1 Nd6 26.b5 Nb8 27.c4 f6 28.c5 
bxc5 29.Nxc5 Re7 30.a6 Rg8 31.b6 cxb6 32.Nb7+ Kd7 33.Rd1 Kc7 34.Nxd6 Nd7 
35.Rac1+ Kb8 36.Rc3 Rd8 37.Rdc1 1-0

[Event "7th EUR-ch (w)"]
[Site "Kusadasi TUR"]
[Date "2006.04.13"]
[Round "9"]
[White "Gilbert, Jessie"]
[Black "Mamedyarova, Turkan"]
[Result "1/2-1/2"]
[WhiteElo "2144"]
[BlackElo "2280"]
[EventDate "2006.04.04"]
[PlyCount "83"]

1.d4 f5 2.g3 Nf6 3.Bg2 g6 4.Nh3 Bg7 5.Nf4 O-O 6.c3 d5 7.O-O c6 8.Nd2 Qc7 
9.Qb3 e6 10.Nf3 Ne4 11.Nd3 Nd7 12.Bf4 Qd8 13.Qa3 g5 14.Bd6 Re8 15.Be5 Bf8 
16.b4 g4 17.Nh4 Be7 18.Qc1 Nxe5 19.Nxe5 Bg5 20.Qc2 Bxh4 21.gxh4 Qxh4 22.
Bxe4 dxe4 23.a4 Re7 24.Ra3 Bd7 25.c4 Rf8 26.Rg3 Be8 27.f3 exf3 28.exf3 h5 
29.fxg4 hxg4 30.Qf2 Rg7 31.Kh1 Qh6 32.c5 Bh5 33.Qf4 Kh7 34.a5 a6 35.Re3 
Qxf4 36.Rxf4 Kh6 37.Nd3 Rf6 38.Kg2 Kg5 39.Kg3 Rh6 40.Re5 Rgh7 41.Nf2 Re7 
42.Ne4+ 1/2-1/2

[Event "7th EUR-ch (w)"]
[Site "Kusadasi TUR"]
[Date "2006.04.13"]
[Round "9"]
[White "Wilson, Alexandra"]
[Black "Dragomirescu, Angela"]
[Result "0-1"]
[WhiteElo "2099"]
[BlackElo "2261"]
[EventDate "2006.04.04"]
[PlyCount "50"]

1.e4 d6 2.d4 Nf6 3.Nc3 g6 4.f4 Bg7 5.Nf3 O-O 6.Be3 b6 7.Qd2 Bb7 8.d5 c6 9.
O-O-O cxd5 10.exd5 Nbd7 11.f5 Rc8 12.fxg6 hxg6 13.Bd4 Nc5 14.Re1 e5 15.
dxe6 Nxe6 16.Rxe6 fxe6 17.Ng5 e5 18.Be3 Qe7 19.Nb5 Nd5 20.h4 Nxe3 21.Qxe3 
d5 22.Be2 Rf4 23.Qg3 Bh6 24.Bg4 Rcc4 25.Be2 Rxh4 0-1

[Event "7th EUR-ch (w)"]
[Site "Kusadasi TUR"]
[Date "2006.04.13"]
[Round "9"]
[White "Motoc, Alina"]
[Black "Kubikova, Alena"]
[Result "1-0"]
[WhiteElo "2342"]
[BlackElo "2098"]
[EventDate "2006.04.04"]
[PlyCount "123"]

1.d4 Nf6 2.c4 c5 3.d5 b5 4.cxb5 a6 5.bxa6 g6 6.Nc3 Bxa6 7.e4 Bxf1 8.Kxf1 
d6 9.g3 Bg7 10.Kg2 O-O 11.Nf3 Nbd7 12.Re1 Ra6 13.h3 Qa8 14.a4 Rb8 15.Ra3 
Nb6 16.b3 Ne8 17.Qc2 Nc7 18.Ra2 Nd7 19.Bf4 Rb4 20.Bd2 c4 21.bxc4 Rxc4 22.
Qb3 Rc5 23.Rc1 Rb6 24.Qd1 Rc4 25.Qe2 Qa6 26.a5 Rb7 27.Ra4 Rxa4 28.Qxa6 
Nxa6 29.Nxa4 Nac5 30.Nxc5 Nxc5 31.Be3 Rc7 32.Bxc5 dxc5 33.a6 Ra7 34.Rxc5 
Rxa6 35.Rc8+ Bf8 36.Ne5 Rd6 37.Nc6 Kg7 38.Rd8 Rxd8 39.Nxd8 Kf6 40.f4 e6 
41.Nc6 exd5 42.exd5 g5 43.fxg5+ Kxg5 44.Ne5 f6 45.Nc4 Kf5 46.Kf3 h5 47.g4+
hxg4+ 48.hxg4+ Kg5 49.Ne3 Bb4 50.Nf5 Bc5 51.d6 Bb4 52.d7 Ba5 53.Nd4 Kg6 
54.Kf4 Bc7+ 55.Ke4 Bb6 56.Ne6 Ba5 57.Kf4 Bd2+ 58.Kf3 Ba5 59.Ke4 Bb6 60.Kf4
f5 61.gxf5+ Kf7 62.d8=Q 1-0

[Event "7th EUR-ch (w)"]
[Site "Kusadasi TUR"]
[Date "2006.04.13"]
[Round "9"]
[White "Petrenko, Svetlana"]
[Black "Coimbra, Margarida"]
[Result "1-0"]
[WhiteElo "2334"]
[BlackElo "2070"]
[EventDate "2006.04.04"]
[PlyCount "77"]

1.e4 e5 2.Nf3 Nc6 3.Bb5 a6 4.Ba4 Nf6 5.O-O b5 6.Bb3 Bc5 7.c3 d6 8.d4 Bb6 
9.h3 Bb7 10.Re1 O-O 11.d5 Ne7 12.Nbd2 Ng6 13.Nf1 c5 14.c4 Ba5 15.Bd2 Bxd2 
16.N3xd2 Nf4 17.Qf3 h6 18.Ng3 Nh7 19.Nf5 Bc8 20.Bc2 Qf6 21.b3 Ng5 22.Qg3 
Nxe4 23.Nxe4 Qxf5 24.Rac1 Nh5 25.Qh4 Nf4 26.Nxd6 Qd7 27.Nxc8 Raxc8 28.Rxe5
Ng6 29.Bxg6 fxg6 30.Re6 g5 31.Qe4 Rce8 32.Re1 Rxe6 33.dxe6 Qd2 34.Re2 Qd1+
35.Kh2 Qd6+ 36.g3 Re8 37.e7 b4 38.Qd5+ Qxd5 39.cxd5 1-0

[Event "7th EUR-ch (w)"]
[Site "Kusadasi TUR"]
[Date "2006.04.13"]
[Round "9"]
[White "Eckhardt, Claudia"]
[Black "Bensdorp, Laura"]
[Result "1-0"]
[WhiteElo "2260"]
[BlackElo "2098"]
[EventDate "2006.04.04"]
[PlyCount "127"]

1.d4 d5 2.Nf3 Nf6 3.g3 c5 4.Bg2 cxd4 5.Nxd4 e5 6.Nb3 h6 7.O-O Nc6 8.c4 
dxc4 9.Bxc6+ bxc6 10.Qxd8+ Kxd8 11.Na5 Kc7 12.Nxc4 Nd7 13.Be3 Ba6 14.Nbd2 
Bb4 15.Rfc1 Rhe8 16.a3 Bf8 17.Rc2 Re6 18.Rac1 Nb6 19.Na5 Bb5 20.Ne4 Rd8 
21.Nc3 Ba6 22.b4 Nc4 23.Nxc4 Bxc4 24.Nb1 Bd5 25.Bxa7 Be4 26.Rc4 Bxb1 27.
Rxb1 Ra8 28.Be3 Rxa3 29.b5 c5 30.Bxc5 Bxc5 31.Rxc5+ Kb6 32.Rc8 Ra2 33.Kf1 
f6 34.Rb8+ Ka7 35.Rd8 Kb6 36.Rc1 Ra7 37.Rb8+ Rb7 38.Ra8 Ree7 39.Ra2 Ra7 
40.Rb2 Rac7 41.Ra1 Ra7 42.Rab1 Red7 43.Kg2 Rac7 44.Kf3 h5 45.Ra1 Ra7 46.
Ra6+ Rxa6 47.bxa6+ Kxa6 48.Ke4 g6 49.e3 Ka7 50.h3 Rd1 51.g4 h4 52.g5 fxg5 
53.Kxe5 Rg1 54.Kf6 g4 55.hxg4 Rxg4 56.f4 h3 57.Rh2 Rg3 58.e4 Kb7 59.e5 Kc7
60.e6 Rf3 61.Rc2+ Kd6 62.Rd2+ Kc6 63.e7 Re3 64.Kf7 1-0

[Event "7th EUR-ch (w)"]
[Site "Kusadasi TUR"]
[Date "2006.04.13"]
[Round "9"]
[White "Norinkeviciute, Rasa"]
[Black "Pavlovskaya, Evgenia"]
[Result "0-1"]
[WhiteElo "2106"]
[BlackElo "2182"]
[EventDate "2006.04.04"]
[PlyCount "72"]

1.e4 c5 2.c3 d5 3.exd5 Qxd5 4.d4 Nf6 5.Nf3 e6 6.Be2 cxd4 7.cxd4 Be7 8.Nc3 
Qd8 9.O-O O-O 10.Ne5 Nc6 11.Nxc6 bxc6 12.Bf3 Nd5 13.Qd3 Rb8 14.a3 Qa5 15.
Rd1 Ba6 16.Qc2 Bc4 17.Bd2 Qb6 18.b4 Nxc3 19.Qxc3 Bd5 20.Bf4 Ra8 21.Be2 a5 
22.Rab1 Rfc8 23.Qg3 axb4 24.axb4 Ra4 25.b5 Be4 26.Rbc1 Ra2 27.Bc4 Ra3 28.
Qg4 cxb5 29.Bf1 Rac3 30.Ra1 Bf6 31.Be5 Bf5 32.Qf4 Bxe5 33.dxe5 b4 34.Rd4 
b3 35.Bd3 b2 36.Rb1 Rc1+ 0-1

[Event "7th EUR-ch (w)"]
[Site "Kusadasi TUR"]
[Date "2006.04.13"]
[Round "9"]
[White "Cherednichenko, Elena"]
[Black "Khudaverdieva, Afag"]
[Result "1/2-1/2"]
[WhiteElo "1977"]
[BlackElo "2156"]
[EventDate "2006.04.04"]
[PlyCount "50"]

1.d4 Nf6 2.c4 g6 3.Nc3 d5 4.cxd5 Nxd5 5.Bd2 Bg7 6.e4 Nxc3 7.Bxc3 O-O 8.h3 
c5 9.Nf3 cxd4 10.Nxd4 Qb6 11.Nb3 Bxc3+ 12.bxc3 Nc6 13.Be2 Qc7 14.O-O Na5 
15.Nxa5 Qxa5 16.Qb3 b6 17.Qd5 Qxd5 18.exd5 e6 19.Bc4 exd5 20.Bxd5 Rb8 21.
Rad1 Bb7 22.Bb3 Rfd8 23.f3 Kf8 24.Kf2 Ke7 25.Ke3 Rdc8 1/2-1/2

[Event "7th EUR-ch (w)"]
[Site "Kusadasi TUR"]
[Date "2006.04.13"]
[Round "9"]
[White "Van Weersel, Arlette"]
[Black "Bulmaga, Irina"]
[Result "1-0"]
[WhiteElo "2148"]
[BlackElo "2002"]
[EventDate "2006.04.04"]
[PlyCount "113"]

1.e4 c5 2.Nf3 e6 3.d4 cxd4 4.Nxd4 a6 5.c4 Nf6 6.Nc3 d6 7.Bd3 Be7 8.O-O Qc7
9.Be3 Nbd7 10.f4 b6 11.Qf3 Bb7 12.Rac1 O-O 13.Bb1 Rac8 14.Qh3 Rfe8 15.g4 
g6 16.g5 Nh5 17.f5 e5 18.fxg6 hxg6 19.Nf5 Bf8 20.Nd5 Bxd5 21.exd5 a5 22.
Nh4 e4 23.Rf2 Re7 24.Nf5 Ree8 25.Rcf1 Ne5 26.Nd4 Re7 27.b3 Bg7 28.Nb5 Qd8 
29.Bxb6 Qxb6 30.Qxc8+ Kh7 31.Bxe4 Qe3 32.Bg2 Nd3 33.Qh3 Nxf2 34.Qxe3 Rxe3 
35.Kxf2 Re5 36.h4 Bf8 37.Re1 Rf5+ 38.Bf3 Ng7 39.Kg3 f6 40.gxf6 Rxf6 41.Bg4
Kg8 42.Nd4 Kf7 43.Nc6 Nh5+ 44.Bxh5 gxh5 45.Nxa5 Rg6+ 46.Kf3 Rf6+ 47.Ke2 
Ke7 48.Nc6+ Kd7 49.a4 Rf4 50.Rf1 Bh6 51.Rxf4 Bxf4 52.Kf3 Bd2 53.Ke4 Be1 
54.Kf5 Bxh4 55.Kg6 Kc7 56.Kxh5 Be1 57.a5 1-0

[Event "7th EUR-ch (w)"]
[Site "Kusadasi TUR"]
[Date "2006.04.13"]
[Round "9"]
[White "Mira, Helene"]
[Black "Steil-Antoni, Fiona"]
[Result "0-1"]
[WhiteElo "2140"]
[BlackElo "1968"]
[EventDate "2006.04.04"]
[PlyCount "41"]

1.Nf3 Nf6 2.c4 e6 3.Nc3 d5 4.d4 Be7 5.Bg5 O-O 6.e3 h6 7.Bh4 b6 8.cxd5 Nxd5
9.Bxe7 Qxe7 10.Nxd5 exd5 11.Qb3 Be6 12.Rc1 c5 13.Qa3 Rc8 14.Be2 Nd7 15.O-O
Rc7 16.Rc3 Nf6 17.Rfc1 Ne4 18.R3c2 c4 19.Qxe7 Rxe7 20.Ne5 b5 21.b3 0-1

[Event "7th EUR-ch (w)"]
[Site "Kusadasi TUR"]
[Date "2006.04.13"]
[Round "9"]
[White "Makka, Evanthia"]
[Black "Sommer, Sonja"]
[Result "1/2-1/2"]
[WhiteElo "2046"]
[BlackElo "2047"]
[EventDate "2006.04.04"]
[PlyCount "120"]

1.e4 e5 2.Nf3 Nc6 3.Bc4 Nf6 4.d3 Be7 5.O-O O-O 6.Re1 d6 7.a4 h6 8.a5 Rb8 
9.c3 Nh7 10.d4 Bf6 11.dxe5 dxe5 12.Be3 Ng5 13.Nxg5 Bxg5 14.Nd2 Bxe3 15.
Rxe3 Qe7 16.b4 Be6 17.Qe2 Nd8 18.Rg3 Kh7 19.Bd3 f6 20.Nf3 g5 21.h4 Nf7 22.
hxg5 hxg5 23.Nh2 Kg6 24.Nf1 Rh8 25.Ne3 Rh4 26.f3 Rbh8 27.Kf2 c6 28.Bc4 Nd6
29.Bxe6 Qxe6 30.Qc2 Rd8 31.c4 Rhh8 32.Rb1 a6 33.Rc1 Rd7 34.Ng4 Ne8 35.Qe2 
Ng7 36.Qe3 Rhd8 37.Rc2 Rd4 38.c5 Nh5 39.Rh3 Rxb4 40.Qe1 Rbd4 41.Rxh5 Kxh5 
42.Qh1+ Kg6 43.Qh6+ Kf7 44.Qh7+ Ke8 45.Qg7 Qf7 46.Nxf6+ Ke7 47.Nd5+ R4xd5 
48.Qxg5+ Qf6 49.Qxf6+ Kxf6 50.exd5 Rxd5 51.Ke3 Kf5 52.g4+ Ke6 53.Rc4 Rd1 
54.Rb4 Ra1 55.Rxb7 Rxa5 56.Rb6 Rxc5 57.Rxa6 Kf6 58.Ra3 Rc4 59.Kd3 Rf4 60.
Ke3 Rc4 1/2-1/2

[Event "7th EUR-ch (w)"]
[Site "Kusadasi TUR"]
[Date "2006.04.14"]
[Round "10"]
[White "Zawadzka, Jolanta"]
[Black "Atalik, Ekaterina"]
[Result "0-1"]
[WhiteElo "2389"]
[BlackElo "2393"]
[EventDate "2006.04.04"]
[PlyCount "56"]

1.e4 e5 2.Nf3 Nc6 3.d4 exd4 4.Nxd4 Bb4+ 5.c3 Bc5 6.Be3 Bb6 7.g3 Nf6 8.Bg2 
d5 9.Nxc6 bxc6 10.Bxb6 axb6 11.e5 Nd7 12.O-O O-O 13.Re1 Ba6 14.Na3 Re8 15.
f4 f6 16.e6 Nc5 17.c4 dxc4 18.e7 Qxd1 19.Raxd1 Nd3 20.Bxc6 Nxe1 21.Bxa8 
Rxe7 22.Rd8+ Kf7 23.Bd5+ Kg6 24.Nxc4 Nc2 25.Ra8 Nb4 26.Bg8 Re1+ 27.Kf2 
Nd3+ 28.Kf3 Bb7+ 0-1

[Event "7th EUR-ch (w)"]
[Site "Kusadasi TUR"]
[Date "2006.04.14"]
[Round "10"]
[White "Muzychuk, Maria"]
[Black "Khurtsidze, Nino"]
[Result "1/2-1/2"]
[WhiteElo "2172"]
[BlackElo "2426"]
[EventDate "2006.04.04"]
[PlyCount "181"]

1.e4 c5 2.c4 Nc6 3.Ne2 Nf6 4.Nbc3 e6 5.d4 d5 6.cxd5 exd5 7.Bg5 dxe4 8.d5 
Nb4 9.Ng3 Be7 10.Bb5+ Kf8 11.O-O Bg4 12.Be2 Bxe2 13.Qxe2 Nfxd5 14.Nxd5 
Nxd5 15.Qxe4 Bxg5 16.Rad1 Qe7 17.Rxd5 Bf6 18.Qxe7+ Bxe7 19.Rd7 b6 20.Nf5 
Bf6 21.Re1 h5 22.Nd6 Bxb2 23.Rxa7 Rb8 24.Rb7 Ra8 25.Nxf7 Rh7 26.Ng5 Rh6 
27.Ne6+ Kg8 28.Rxb6 Rxa2 29.Rb8+ Kh7 30.Nxc5 Bd4 31.Ne4 Rha6 32.Rb4 Re2 
33.Kf1 Rxe1+ 34.Kxe1 Bf6 35.Ke2 Kg6 36.Kf3 Be5 37.g3 Ra3+ 38.Kg2 Kf5 39.
Nd2 Ra2 40.Nf3 Bf6 41.Rb5+ Kg6 42.Ne1 Rd2 43.Rb3 Bd4 44.Rf3 Kh6 45.h4 Ba7 
46.Nd3 Bd4 47.Nf4 Ra2 48.Ne6 Rd2 49.Rf5 Bb6 50.Rf8 Kh7 51.Ng5+ Kg6 52.Ne4 
Rb2 53.Ng5 Bc5 54.Rf3 Ba7 55.Nh3 Bb6 56.Rd3 Kh7 57.Rd5 g6 58.Rd7+ Kg8 59.
Kf3 Bc5 60.Kg2 Ra2 61.Rd5 Be7 62.Nf4 Ra6 63.Rd7 Bf8 64.Kf3 Bh6 65.Nd5 Bg7 
66.Kg2 Bf8 67.Nf4 Bh6 68.Nd3 Bf8 69.Ne5 Bg7 70.Rd8+ Kh7 71.Nf7 Bf6 72.Rd7 
Kg8 73.Nd6 Bg7 74.Ne4 Bh6 75.Nc5 Rc6 76.Nd3 Bg7 77.f4 Ra6 78.Kf3 Rb6 79.
Nc5 Bf8 80.Rd8 Rd6 81.Nd7 Kf7 82.Rxf8+ Ke7 83.Rf6 Rxf6 84.Nxf6 Kxf6 85.Ke4
Ke6 86.Ke3 Ke7 87.Kf3 Kf7 88.Ke4 Ke6 89.Kd3 Kd7 90.Kd4 Kd6 91.Ke4 1/2-1/2

[Event "7th EUR-ch (w)"]
[Site "Kusadasi TUR"]
[Date "2006.04.14"]
[Round "10"]
[White "Peptan, Corina-Isabela"]
[Black "Gvetadze, Sopio"]
[Result "0-1"]
[WhiteElo "2408"]
[BlackElo "2361"]
[EventDate "2006.04.04"]
[PlyCount "124"]

1.e4 Nf6 2.e5 Nd5 3.d4 d6 4.Nf3 dxe5 5.Nxe5 c6 6.Bc4 Nd7 7.O-O g6 8.Nc3 
N7f6 9.Qf3 Be6 10.Ne2 Bg7 11.Bb3 O-O 12.Bg5 Nd7 13.Nd3 a5 14.a4 Qb6 15.
Rad1 Rae8 16.h3 Nc7 17.Ndc1 Bxb3 18.Nxb3 e5 19.Bd2 Ra8 20.Rfe1 Rfe8 21.Bc3
Nd5 22.dxe5 Nxe5 23.Bxe5 Rxe5 24.Nf4 Nxf4 25.Qxf4 Rf5 26.Qe3 Qxe3 27.Rxe3 
Bxb2 28.c3 b5 29.axb5 Rxb5 30.Nd4 Rb6 31.Nc2 a4 32.Nb4 Ba3 33.Nc2 Bf8 34.
Ra1 Rb2 35.Na3 Rb3 36.Nc4 Bg7 37.Ra2 a3 38.Kf1 Ra4 39.Re8+ Bf8 40.Nd2 Rxc3
41.Ke2 Kg7 42.Rb8 Rb4 43.Ra8 Rb5 44.Kd1 Be7 45.Ra7 Bf8 46.Ra6 Rd5 47.Ke2 
Rc1 48.Ra4 Be7 49.g3 h5 50.h4 Rb5 51.Nc4 Rxc4 52.Rxc4 Rb2+ 53.Rc2 Bf6 54.
Kd3 Rxc2 55.Kxc2 Bb2 56.Kd3 Kf6 57.Ke4 Ke6 58.f3 c5 59.Ke3 c4 60.Ke4 c3 
61.Kd3 Kd5 62.g4 Ke5 0-1

[Event "7th EUR-ch (w)"]
[Site "Kusadasi TUR"]
[Date "2006.04.14"]
[Round "10"]
[White "Turova, Irina"]
[Black "Pogonina, Natalia"]
[Result "1-0"]
[WhiteElo "2362"]
[BlackElo "2440"]
[EventDate "2006.04.04"]
[PlyCount "87"]

1.d4 Nf6 2.c4 c5 3.d5 b5 4.cxb5 a6 5.bxa6 g6 6.Nc3 Bxa6 7.Nf3 d6 8.g3 Bg7 
9.Bg2 Nbd7 10.Rb1 O-O 11.O-O Qa5 12.Bd2 Rfb8 13.Qc2 Ng4 14.a4 Nge5 15.Nxe5
Bxe5 16.Rfe1 Qd8 17.b3 Rb7 18.h3 Rab8 19.Na2 Rc8 20.f4 Bg7 21.Kh2 Rbb8 22.
e4 Ra8 23.Bc3 Bxc3 24.Qxc3 Bb7 25.e5 Nb6 26.Rbd1 dxe5 27.Qxe5 c4 28.Nb4 
cxb3 29.Nc6 Bxc6 30.dxc6 Qc7 31.Qb5 e6 32.Qxb3 Rxa4 33.Rb1 Rb8 34.Re5 Ra6 
35.Rb5 Qa7 36.Qe3 Qc7 37.R5b2 Qa7 38.Qf2 Kg7 39.Qd4+ Kg8 40.h4 h5 41.Rxb6 
Raxb6 42.Rxb6 Rxb6 43.Qd8+ Kh7 44.c7 1-0

[Event "7th EUR-ch (w)"]
[Site "Kusadasi TUR"]
[Date "2006.04.14"]
[Round "10"]
[White "Pahtz, Elisabeth"]
[Black "Botsari, Anna-Maria"]
[Result "1-0"]
[WhiteElo "2438"]
[BlackElo "2341"]
[EventDate "2006.04.04"]
[PlyCount "73"]

1.e4 c5 2.Nf3 e6 3.c3 d5 4.exd5 Qxd5 5.d4 Nf6 6.Na3 cxd4 7.Nb5 Qd8 8.Nbxd4
Be7 9.Bd3 O-O 10.O-O a6 11.Re1 Qc7 12.Bg5 Nc6 13.Nxc6 bxc6 14.Qc2 h6 15.
Bh4 c5 16.Bg3 Bd6 17.Bxd6 Qxd6 18.Rad1 Qf4 19.Ne5 Bb7 20.g3 Qg5 21.f4 Qh5 
22.Be2 Qh3 23.Bf1 Qh5 24.Rd2 Rad8 25.Rf2 Rd6 26.Nc4 Rd5 27.Be2 Qh3 28.Bf3 
Ng4 29.Rff1 Rfd8 30.Bxd5 Rxd5 31.Ne5 h5 32.Nxg4 Qxg4 33.Qe2 Qf5 34.Rd1 g6 
35.c4 Rd4 36.Rxd4 cxd4 37.Qe5 1-0

[Event "7th EUR-ch (w)"]
[Site "Kusadasi TUR"]
[Date "2006.04.14"]
[Round "10"]
[White "Peng Zhaoqin"]
[Black "Przezdziecka, Marta"]
[Result "1/2-1/2"]
[WhiteElo "2395"]
[BlackElo "2265"]
[EventDate "2006.04.04"]
[PlyCount "121"]

1.d4 Nf6 2.c4 g6 3.Nc3 d5 4.Nf3 Bg7 5.e3 e6 6.b4 O-O 7.Bb2 a5 8.b5 Nbd7 9.
Rc1 c6 10.cxd5 cxd5 11.Bd3 Nb6 12.Ba3 Re8 13.O-O Bf8 14.Bxf8 Rxf8 15.Na4 
Nxa4 16.Qxa4 Ne8 17.Rc2 Nd6 18.Qa3 f6 19.Rfc1 Rf7 20.h3 b6 21.Rc6 Rd7 22.
R1c2 Bb7 23.R6c3 Rc8 24.Qc1 Rxc3 25.Rxc3 Ne8 26.Nd2 Rc7 27.Nb1 Qc8 28.Qa3 
Kf7 29.f3 Rxc3 30.Nxc3 Qc7 31.Qb3 Qd6 32.Qc2 Nc7 33.Na4 e5 34.Qc3 Ne6 35.
Kf2 exd4 36.exd4 Ke7 37.g3 Kd7 38.h4 f5 39.h5 Ke7 40.hxg6 hxg6 41.f4 Kd8 
42.Be2 g5 43.fxg5 Nxg5 44.Bf3 Qh6 45.Bg2 Qh2 46.Kf1 f4 47.gxf4 Qxf4+ 48.
Ke1 Qh4+ 49.Kf1 Qf4+ 50.Ke1 Ne4 51.Bxe4 dxe4 52.Ke2 Qg4+ 53.Kd2 Qg2+ 54.
Ke1 Qg1+ 55.Ke2 Bc8 56.Qe3 Bg4+ 57.Kd2 Qd1+ 58.Kc3 Qf3 59.Kd2 Qd1+ 60.Kc3 
Qf3 61.Kd2 1/2-1/2

[Event "7th EUR-ch (w)"]
[Site "Kusadasi TUR"]
[Date "2006.04.14"]
[Round "10"]
[White "Javakhishvili, Lela"]
[Black "Djingarova, Emilia"]
[Result "1/2-1/2"]
[WhiteElo "2410"]
[BlackElo "2319"]
[EventDate "2006.04.04"]
[PlyCount "123"]

1.d4 e6 2.c4 b6 3.a3 Bb7 4.Nc3 f5 5.d5 Nf6 6.g3 Bd6 7.Nf3 O-O 8.Bg2 Na6 9.
O-O Nc5 10.Nb5 Nce4 11.Nxd6 Nxd6 12.dxe6 dxe6 13.b3 Qe8 14.Qc2 Qh5 15.c5 
Be4 16.Qc3 Nd5 17.Qe5 bxc5 18.Qxe6+ Rf7 19.Qe5 Re8 20.Qb2 f4 21.Qd2 Re6 
22.Rd1 fxg3 23.hxg3 Nf4 24.Qxf4 Rxf4 25.Bxf4 Bc2 26.Rd2 Bxb3 27.Rc1 a5 28.
Ng5 Re8 29.Rxc5 Rxe2 30.Rxe2 Qxe2 31.Rxc7 h6 32.Bxd6 hxg5 33.Bc5 Qe5 34.
Rc8+ Kh7 35.Be3 Bd5 36.Bxd5 Qxd5 37.Rc5 Qd1+ 38.Kh2 Qa4 39.Rxg5 Qxa3 40.
Bd4 g6 41.Rc5 Qd3 42.Rc7+ Kg8 43.Bc3 a4 44.f4 a3 45.Be5 a2 46.Ra7 Qb1 47.
Kg2 Kf8 48.Kf3 Qb6 49.Ra8+ Kf7 50.Kg4 Qf2 51.Ra3 Qe2+ 52.Kh3 Ke6 53.Ra5 
Qf1+ 54.Kh2 Qc4 55.Kg2 Qd3 56.Kh3 Qb1 57.Ra6+ Kd5 58.Kh4 Qh1+ 59.Kg5 Qh5+ 
60.Kf6 Qf5+ 61.Kg7 g5 62.Rxa2 1/2-1/2

[Event "7th EUR-ch (w)"]
[Site "Kusadasi TUR"]
[Date "2006.04.14"]
[Round "10"]
[White "Danielian, Elina"]
[Black "Hryhorenko, Natalia"]
[Result "1-0"]
[WhiteElo "2422"]
[BlackElo "2323"]
[EventDate "2006.04.04"]
[PlyCount "83"]

1.Nf3 d5 2.e3 Nf6 3.c4 c6 4.Nc3 Bf5 5.cxd5 cxd5 6.Qb3 Qb6 7.Nxd5 Nxd5 8.
Qxd5 e6 9.Qb5+ Nc6 10.Nd4 Bg6 11.Qxb6 axb6 12.Bb5 Rc8 13.Ke2 e5 14.Nxc6 
bxc6 15.Ba6 Rd8 16.d3 Be7 17.e4 f5 18.f3 b5 19.a4 fxe4 20.dxe4 Bf7 21.axb5
Bc4+ 22.Kf2 cxb5 23.Be3 O-O 24.Rhd1 Rxd1 25.Rxd1 Ra8 26.Bb7 Ra2 27.Rd2 Bb4
28.Rc2 Bb3 29.Bd5+ Bxd5 30.exd5 Kf7 31.Ke2 Ba3 32.Bc1 Bd6 33.Kd3 Ke7 34.
Rc6 Ra4 35.Be3 Ra1 36.Rb6 Rd1+ 37.Ke4 b4 38.Rb7+ Kf6 39.g4 h6 40.h4 Be7 
41.g5+ Kf7 42.d6 1-0

[Event "7th EUR-ch (w)"]
[Site "Kusadasi TUR"]
[Date "2006.04.14"]
[Round "10"]
[White "Dworakowska, Joanna"]
[Black "Lomineishvili, Maia"]
[Result "1/2-1/2"]
[WhiteElo "2364"]
[BlackElo "2395"]
[EventDate "2006.04.04"]
[PlyCount "117"]

1.e4 c5 2.Nf3 d6 3.d4 cxd4 4.Nxd4 Nf6 5.Nc3 Nc6 6.Bg5 e6 7.Qd2 Qb6 8.Bxf6 
gxf6 9.Nb3 Bd7 10.O-O-O O-O-O 11.f4 Kb8 12.Be2 h5 13.Rhf1 Na5 14.Nxa5 Qxa5
15.Bc4 Bc6 16.Kb1 f5 17.exf5 Qxf5 18.Bd3 Qa5 19.Be4 d5 20.Bf3 Bb4 21.a3 
Bxc3 22.Qxc3 Qxc3 23.bxc3 Rc8 24.Rfe1 Bd7 25.Kb2 Rc5 26.Rd4 h4 27.Re3 Kc7 
28.f5 Kd6 29.fxe6 fxe6 30.Rg4 Rcc8 31.Rd3 Bb5 32.Rdd4 Rc4 33.Rg6 Rxd4 34.
cxd4 Be8 35.Rg7 h3 36.Rxb7 hxg2 37.Bxg2 Rxh2 38.Rg7 Bb5 39.Rg3 a5 40.Kb3 
Rh4 41.Kc3 Bc4 42.Re3 Rh2 43.Rg3 Be2 44.Kb3 Bd1 45.Kc3 Be2 46.Kb3 Bb5 47.
Kb2 Ba4 48.Kc3 Rh7 49.Kd2 Rb7 50.Bf1 Rb1 51.Bd3 Ra1 52.Kc3 Bd7 53.Kb2 Rh1 
54.Rg8 Bc6 55.Rb8 Kc7 56.Rf8 Kd6 57.Rf7 Bd7 58.Rg7 Rh8 59.Bg6 1/2-1/2